| 000 | 00881nam a2200217Ii 4500 | ||
|---|---|---|---|
| 003 | JO-AjNU | ||
| 008 | 230605s9999||||xx |||||||||||||| ||und|| | ||
| 040 |
_aJO-AjNU _bara _erda _cJO-AjNU |
||
| 041 | _aara | ||
| 050 | 1 | 4 | _aHF5681.B2.A3498.1986 |
| 100 | 3 |
_aتاليف العادلي، يوسف عوض، م, مشارك محمد احمد العظمة, _eauthor _964176 |
|
| 245 | 0 | 0 | _aالمحاسبة المالية، مج1 |
| 250 | _aط1 | ||
| 264 | 3 | 1 | _aالكويت: ذات السلاسل للطباعة والنشر والتوزيع، 1986 |
| 300 |
_a795ص _bيحتوي على جداول واشكال توضيحية |
||
| 336 |
_atext _btxt _2rdacontent |
||
| 337 |
_aunmediated _bn _2rdamedia |
||
| 338 |
_avolume _bnc _2rdacarrier |
||
| 490 | 0 | _aسلسلة مراجع المحاسب 1 | |
| 650 | 4 |
_aالمحاسبة التحليلية-القوائم المالية _964177 |
|
| 999 |
_aA29149 _c32717 _d32717 |
||